000 00627nam a22001817a 4500
003 CEME
005 20210628202634.0
008 210210b xxu||||| |||| 00| 0 eng d
020 _a81-7808-332-9
040 _c.
082 _a621.382 KOL
100 _aKolimbiris, Harold
_960834
245 _aDigital communications systems with satellite and fiber optics applications
260 _aINDIA
_bPEARSON EDUCATION ASIA
_c2002
300 _aXIII,466P
650 _aFIBER OPTICS COMMUNICATIONS SYSTEMS; SATELLITE COMMUNICATIONS SYSTEMS; COMMUNICATIONS SYSTEMS-SATELLITE AND FIBER OPTICS APPLICATIONS
_960835
942 _cBK
_2ddc
999 _c570461
_d570461